[Event "SVK-chT1W 2425"]
[Site "Slovakia"]
[Date "2025.02.01"]
[Round "6.7"]
[White "Sarkozi, Szabolcs"]
[Black "Vimmer, Michal"]
[Result "1-0"]
[WhiteElo "2102"]
[BlackElo "1930"]
[PlyCount "91"]
[EventDate "2024.11.16"]
[EventType "team-tourn"]
[EventRounds "11"]
[EventCountry "SVK"]
[SourceTitle "CB14_2025"]
[SourceDate "2024.11.01"]
[SourceVersion "1"]
[SourceVersionDate "2024.11.01"]
[SourceQuality "1"]
[WhiteTeam "Komarno II"]
[BlackTeam "Bratislava Slovan II"]
[WhiteTeamCountry "SVK"]
[BlackTeamCountry "SVK"]

1. e4 c6 2. d4 d5 3. e5 c5 4. dxc5 e6 5. Nf3 Bxc5 6. a3 Nd7 7. Bd3 Qc7 8. Qe2 Be7 9. 0-0 Nc5 10. Bf4 Bd7 11. Nc3 Nxd3 12. Qxd3 Bc6 13. Nd4 Bc5 14. Ndb5 Bxb5 15. Nxb5 Qd7 16. b4 Be7 17. Rfd1 a6 18. Nd4 Nh6 19. Bxh6 gxh6 20. c4 dxc4 21. Qxc4 Rd8 22. Qe2 Rg8 23. g3 Qa4 24. Qe4 a5 25. Qxh7 Rg4 26. Nc2 Rxd1+ 27. Rxd1 axb4 28. axb4 Rc4 29. Ne3 Rxb4 30. Qxh6 Re4 31. Qh8+ Bf8 32. Qf6 Be7 33. Qh8+ Bf8 34. Rc1 Qd7 35. Qf6 Be7 36. Qh8+ Bf8 37. Qh5 b5 38. Ng4 Qd2 39. Nf6+ Ke7 40. Rc7+ Kd8 41. Rd7+ Qxd7 42. Nxd7 Kxd7 43. Qxf7+ Be7 44. Qf3 Re1+ 45. Kg2 b4 46. h4 1-0

[Event "SVK-chT1W 2324"]
[Site "Slovakia"]
[Date "2024.03.10"]
[Round "11.5"]
[White "Vimmer, Michal"]
[Black "Compel, Daniel"]
[Result "0-1"]
[WhiteElo "1937"]
[BlackElo "2232"]
[PlyCount "62"]
[EventDate "2023.10.21"]
[EventType "team-tourn"]
[EventRounds "11"]
[EventCountry "SVK"]
[SourceTitle "EXT 2025"]
[Source "ChessBase"]
[SourceDate "2024.10.14"]
[SourceVersion "1"]
[SourceVersionDate "2024.10.14"]
[SourceQuality "1"]
[WhiteTeam "Bratislava Slovan III"]
[BlackTeam "Bratislava Doprastav"]
[WhiteTeamCountry "SVK"]
[BlackTeamCountry "SVK"]

1. d4 Nf6 2. c4 e6 3. Nc3 Bb4 4. f3 c5 5. a3 Bxc3+ 6. bxc3 d5 7. e3 0-0 8. Bd3 dxc4 9. Bxc4 Qc7 10. Qd3 e5 11. Ne2 Nbd7 12. 0-0 b6 13. d5 Ne8 14. Ba2 Nd6 15. c4 a6 16. a4 Rb8 17. Nc3 f5 18. Ba3 Nf6 19. Qe2 f4 20. Rfe1 Bd7 21. Bc1 Rbe8 22. Bd2 g5 23. Bb1 Rf7 24. Ne4 Nfxe4 25. fxe4 Qc8 26. Bd3 Bg4 27. Qf2 Qd8 28. exf4 gxf4 29. a5 b5 30. Qxc5 bxc4 31. Bxc4 Rc7 0-1

[Event "SVK-chT1W 2223"]
[Site "Slovakia"]
[Date "2023.01.14"]
[Round "7.8"]
[White "Paluska, Karol"]
[Black "Vimmer, Michal"]
[Result "1-0"]
[WhiteElo "1991"]
[BlackElo "1922"]
[PlyCount "75"]
[EventDate "2022.10.15"]
[EventType "team-tourn"]
[EventRounds "11"]
[EventCountry "SVK"]
[SourceTitle "EXT 2024"]
[Source "ChessBase"]
[SourceDate "2023.10.10"]
[SourceVersion "1"]
[SourceVersionDate "2023.10.10"]
[SourceQuality "1"]
[WhiteTeam "Bratislava Doprastav"]
[BlackTeam "Bratislava Slovan III"]
[WhiteTeamCountry "SVK"]
[BlackTeamCountry "SVK"]

1. d4 d5 2. c4 e5 3. dxe5 Ne7 4. e3 Be6 5. Nf3 Nbc6 6. c5 Ng6 7. Bb5 Bxc5 8. Qc2 Bb4+ 9. Kf1 0-0 10. Bxc6 bxc6 11. h4 Bg4 12. h5 Bxf3 13. hxg6 Be4 14. gxh7+ Kh8 15. Qd1 Qg5 16. f3 Qf5 17. Nc3 Bc2 18. Qe1 Qxe5 19. Bd2 Bd3+ 20. Kf2 Rab8 21. f4 Qf5 22. b3 Rfe8 23. Na4 Bd6 24. Qc1 d4 25. Nb2 Bxf4 26. exf4 Re2+ 27. Kg1 Qg4 28. Rh2 Be4 29. Qf1 Rxd2 30. Nc4 Rc2 31. Ne5 Qe6 32. Re1 Bd5 33. f5 Qd6 34. f6 gxf6 35. Ng4 Rxa2 36. Nxf6 Qb4 37. Nxd5 cxd5 38. Qf6# 1-0

[Event "SVK-chT2A 2122"]
[Site "Slovakia"]
[Date "2021.11.13"]
[Round "3.6"]
[White "Lacko, Anton"]
[Black "Vimmer, Michal"]
[Result "1/2-1/2"]
[WhiteElo "1913"]
[BlackElo "1933"]
[PlyCount "28"]
[EventDate "2021.10.16"]
[EventType "team-tourn"]
[EventRounds "11"]
[EventCountry "SVK"]
[SourceTitle "EXT 2023"]
[Source "ChessBase"]
[SourceDate "2022.10.05"]
[SourceVersion "1"]
[SourceVersionDate "2022.10.05"]
[SourceQuality "1"]
[WhiteTeam "Senec"]
[BlackTeam "Bratislava Slovan IV"]
[WhiteTeamCountry "SVK"]
[BlackTeamCountry "SVK"]

1. e4 c6 2. d4 d5 3. Nc3 dxe4 4. Nxe4 Nd7 5. Nf3 Ngf6 6. Ng3 g6 7. c3 Bg7 8. Bd3 b6 9. Qe2 Bb7 10. 0-0 0-0 11. Rd1 Re8 12. Bc4 Nd5 13. Bxd5 cxd5 14. Bf4 e6 1/2-1/2

[Event "SVK-chT2A 1516"]
[Site "Slovakia"]
[Date "2016.03.13"]
[Round "11.5"]
[White "Vimmer, Michal"]
[Black "Mandak, Miroslav"]
[Result "1/2-1/2"]
[WhiteElo "1994"]
[BlackElo "2016"]
[PlyCount "73"]
[EventDate "2015.10.17"]
[EventType "team-tourn"]
[EventRounds "11"]
[EventCountry "SVK"]
[SourceTitle "EXT 2017"]
[Source "ChessBase"]
[SourceDate "2016.10.25"]
[SourceVersion "1"]
[SourceVersionDate "2016.10.25"]
[SourceQuality "1"]
[WhiteTeam "Bratislava Slovan IV"]
[BlackTeam "Krasnany"]
[WhiteTeamCountry "SVK"]
[BlackTeamCountry "SVK"]

1. d4 Nf6 2. c4 e6 3. a3 d5 4. Nc3 c6 5. e3 Be7 6. Nf3 Nbd7 7. Bd3 Qc7 8. 0-0 0-0 9. e4 dxe4 10. Nxe4 Nxe4 11. Bxe4 Nf6 12. Bc2 b5 13. c5 Rd8 14. Qe2 h6 15. b4 a5 16. Bd2 axb4 17. axb4 Bd7 18. Qe5 Qxe5 19. dxe5 Nd5 20. g3 f6 21. Kg2 Be8 22. h3 fxe5 23. Nxe5 Bf6 24. f4 Ne7 25. Bc3 Nd5 26. Bd2 Ne7 27. Bc3 Bxe5 28. fxe5 Nd5 29. Bd2 Bh5 30. g4 Bf7 31. Kg3 Ne7 32. Bc3 Bg6 33. Bb3 Nd5 34. Bxd5 exd5 35. Rxa8 Rxa8 36. Ra1 Rxa1 37. Bxa1 1/2-1/2

[Event "SVK-chT2A 1516"]
[Site "Slovakia"]
[Date "2015.10.17"]
[Round "1.5"]
[White "Nemeckay, Rastislav"]
[Black "Vimmer, Michal"]
[Result "1/2-1/2"]
[WhiteElo "1991"]
[BlackElo "1994"]
[PlyCount "35"]
[EventDate "2015.10.17"]
[EventType "team-tourn"]
[EventRounds "11"]
[EventCountry "SVK"]
[SourceTitle "CBM 169 Extra"]
[Source "ChessBase"]
[SourceDate "2015.12.18"]
[SourceVersion "1"]
[SourceVersionDate "2015.12.18"]
[SourceQuality "1"]
[WhiteTeam "Osuske II"]
[BlackTeam "Bratislava Slovan IV"]
[WhiteTeamCountry "SVK"]
[BlackTeamCountry "SVK"]

1. e4 c6 2. d4 d5 3. Nc3 dxe4 4. Nxe4 Nd7 5. Nf3 Ngf6 6. Ng3 Qc7 7. Bd3 e6 8. 0-0 c5 9. c3 b6 10. Qe2 Bd6 11. Nf5 0-0 12. Nxd6 Qxd6 13. Rd1 Bb7 14. dxc5 Qxc5 15. Be3 Qh5 16. Ng5 Qxe2 17. Bxe2 h6 18. Bf3 1/2-1/2

[Event "Bratislava Doprastav op"]
[Site "Bratislava"]
[Date "2005.07.01"]
[Round "8"]
[White "Vimmer, Michal"]
[Black "Kebis, Milos"]
[Result "1-0"]
[WhiteElo "1981"]
[BlackElo "2082"]
[PlyCount "103"]
[EventDate "2005.06.25"]
[EventType "swiss"]
[EventRounds "9"]
[EventCountry "SVK"]
[SourceTitle "EXT 2006"]
[Source "ChessBase"]
[SourceDate "2005.11.24"]
[SourceVersion "1"]
[SourceVersionDate "2005.11.24"]
[SourceQuality "1"]

1. d4 Nf6 2. c4 e6 3. Nc3 d5 4. Bg5 Be7 5. e3 0-0 6. Nf3 Nbd7 7. Qc2 a6 8. Rd1 dxc4 9. Bxc4 b5 10. Be2 Bb7 11. 0-0 Rc8 12. Ne5 c5 13. Bxf6 Nxf6 14. dxc5 Qc7 15. c6 Bxc6 16. Nxc6 Qxc6 17. Qb3 Qc7 18. a3 Qe5 19. Rd4 Bd6 20. g3 Bc5 21. Rd3 h5 22. Rfd1 h4 23. Bf3 g6 24. Ne2 hxg3 25. hxg3 Qf5 26. Kg2 e5 27. e4 Nxe4 28. g4 Qg5 29. Bxe4 Qxg4+ 30. Ng3 Kg7 31. Rh1 Bd4 32. Qd1 Qxd1 33. Rhxd1 Bxb2 34. Bb7 Rb8 35. Bxa6 b4 36. a4 f5 37. Bb5 Rb7 38. Rb1 Bc3 39. Bc4 Rc7 40. Bb5 Kf6 41. Ne2 e4 42. Rd6+ Kf7 43. Nxc3 bxc3 44. Rc1 Rc5 45. Kg3 g5 46. Rc6 Rc8 47. Rxc8 Rxc8 48. Rc2 Ke6 49. a5 Kd5 50. Bd7 f4+ 51. Kg4 Rc5 52. Kxg5 1-0

[Event "Bratislava Doprastav op"]
[Site "Bratislava"]
[Date "2005.06.30"]
[Round "7"]
[White "Koutny, Petr"]
[Black "Vimmer, Michal"]
[Result "1/2-1/2"]
[WhiteElo "1791"]
[BlackElo "1981"]
[PlyCount "99"]
[EventDate "2005.06.25"]
[EventType "swiss"]
[EventRounds "9"]
[EventCountry "SVK"]
[SourceTitle "EXT 2006"]
[Source "ChessBase"]
[SourceDate "2005.11.24"]
[SourceVersion "1"]
[SourceVersionDate "2005.11.24"]
[SourceQuality "1"]

1. d4 c5 2. Nf3 cxd4 3. Nxd4 d5 4. e3 Nf6 5. c4 e6 6. Nc3 Be7 7. cxd5 exd5 8. Bd3 0-0 9. 0-0 Nc6 10. Nf5 Bb4 11. Ne2 Ne4 12. Nfd4 Nxd4 13. Nxd4 Bc5 14. f3 Nf6 15. b3 Re8 16. Re1 b6 17. Bb2 Bb7 18. Qd2 Rc8 19. Qf2 Nh5 20. Kh1 g6 21. g4 Ng7 22. h4 Ne6 23. f4 Nxd4 24. exd4 Bd6 25. f5 Qd7 26. Qd2 Rxe1+ 27. Rxe1 Bg3 28. Qh6 Qd8 29. fxg6 fxg6 30. Bxg6 Qxh4+ 31. Qxh4 Bxh4 32. Re8+ Kg7 33. Rxc8 Bxc8 34. Bh5 Bg5 35. Kg2 Be6 36. Kf3 Bf7 37. a4 a6 38. Bc3 Bg6 39. Bxg6 Kxg6 40. b4 b5 41. axb5 axb5 42. Kg3 Bc1 43. Kg2 Kg5 44. Kg3 h6 45. Kf3 Kh4 46. Be1+ Kh3 47. Bg3 Bg5 48. Bf4 Kh4 49. Bg3+ Kh3 50. Bf4 1/2-1/2

[Event "Bratislava Doprastav op"]
[Site "Bratislava"]
[Date "2005.06.29"]
[Round "6"]
[White "Vimmer, Michal"]
[Black "Marsina, Stefan"]
[Result "1-0"]
[WhiteElo "1981"]
[BlackElo "2029"]
[PlyCount "120"]
[EventDate "2005.06.25"]
[EventType "swiss"]
[EventRounds "9"]
[EventCountry "SVK"]
[SourceTitle "EXT 2006"]
[Source "ChessBase"]
[SourceDate "2005.11.24"]
[SourceVersion "1"]
[SourceVersionDate "2005.11.24"]
[SourceQuality "1"]

1. d4 e6 2. c4 Nf6 3. Nc3 d5 4. Bg5 Be7 5. Nf3 0-0 6. e3 b6 7. cxd5 exd5 8. Be2 Bb7 9. 0-0 Ne4 10. Bxe7 Qxe7 11. Rc1 Nd7 12. Qa4 Nxc3 13. Rxc3 c5 14. Ba6 Rfb8 15. Bxb7 Rxb7 16. Qc6 Nf6 17. dxc5 Ne4 18. Rd3 bxc5 19. Qxd5 Re8 20. b3 h6 21. Rc1 Rc7 22. Nd2 Ng5 23. Nc4 Ne4 24. f3 Ng5 25. Rcd1 Ne6 26. Qe5 Qh4 27. g3 Qh3 28. Rd7 f6 29. Qe4 Kh8 30. Qg6 Rf8 31. f4 Rg8 32. Rxc7 Nxc7 33. f5 h5 34. Rd7 Nb5 35. Nd6 Nxd6 36. Rxd6 Qg4 37. Kf2 c4 38. bxc4 Rb8 39. Qxg4 hxg4 40. Rd2 Rb1 41. Rc2 Rh1 42. Kg2 Re1 43. c5 Rxe3 44. c6 Re8 45. c7 Rc8 46. Kf2 Kg8 47. Ke3 Kf7 48. Kf4 a5 49. Kxg4 a4 50. a3 Ke7 51. Kh5 Kf7 52. Kg4 Ke7 53. h4 Kf8 54. Kf4 Ke7 55. Ke4 Kd7 56. Kd5 Rxc7 57. Rxc7+ Kxc7 58. Ke6 Kc6 59. Kf7 Kc5 60. Kxg7 Kc4 1-0